Mesa socio política
Na minha lista:
| Autor Corporativo: | |
|---|---|
| Formato: | Texto |
| Publicado em: |
Madrid:
Huertas
|
| Tags: |
Adicionar Tag
Sem tags, seja o primeiro a adicionar uma tag!
|
MARC
| LEADER | 00000 a a2200000 04500 | ||
|---|---|---|---|
| 001 | 25448 | ||
| 003 | |||
| 040 | |||
| 090 | |a 152510 | ||
| 110 | |a Instituto de Cooperación Iberoamericana | ||
| 245 | |a Mesa socio política | ||
| 260 | |a Madrid: |b Huertas | ||
| 300 | |a 516 p. |b il. | ||
| 999 | |c 10928 |d 10928 | ||
